One Piece - Pourquoi ? - Statistiques

Statistiques générales
  • Ce quiz a été pris 56 fois
  • Le résultat moyen est 2 sur 8
Statistiques - réponses
Pourquoi ? Parce que % Correct
Pourquoi Garp n'est il pas amiral de la marine ? Pour ne pas être sous les ordres des dragons célestes
81%
Pourquoi Teach chassait-il Luffy ? Pour le livrer à la marine et devenir grand corsaire
35%
Pourquoi y a-t-il une terre sur Skypiea ? Le Knock-up Stream à projeter une partie de Jaya dans les airs
31%
Pourquoi Luffy n'est pas commandant de sa grande flotte ? Pour ne pas priver les autres de leurs libertés
27%
Pourquoi Robin a-t-elle quitter l'équipage à Water 7 ? Pour protéger ses amis du gouvernement mondial
10%
Pourquoi Zoro et Sanji se détestes ils ? Ils ne traites pas les femmes de la même manière
6%
Pourquoi Water 7 s'appelle elle water "Seven" Il y a 7 quais d'industrie navale
6%
Pourquoi Zoro a-t-il un ton si sérieux après l'ellipse ? A Thriller Bark, il a ressenti toute la douleur de Luffy
4%
Aucun quiz correspondant
Distribution des résultats
% des personnes avec chaque résultat
Percentile par nombre de réponses
Votre historique - résultats
Vous n’avez pas pris ce quiz